[Event "KOS-chT"]
[Site "Pristina"]
[Date "2024.05.17"]
[Round "1.1"]
[White "Stanojoski, Zvonko"]
[Black "Georgiev, Kiril"]
[Result "1/2-1/2"]
[WhiteElo "2388"]
[BlackElo "2545"]
[PlyCount "159"]
[EventDate "2024.05.17"]
[EventType "team-tourn"]
[EventRounds "7"]
[EventCountry "KOS"]
[SourceTitle "CBM 220 Extra"]
[Source "ChessBase"]
[SourceDate "2024.07.31"]
[SourceVersion "1"]
[SourceVersionDate "2024.07.31"]
[SourceQuality "1"]
[WhiteTeam "Vellaznimi"]
[BlackTeam "Drejtesia Trokadero"]
[WhiteTeamCountry "KOS"]
[BlackTeamCountry "KOS"]

1. e4 c5 2. Nf3 d6 3. d4 cxd4 4. Nxd4 Nf6 5. Nc3 a6 6. Be2 e5 7. Nb3 Be7 8. 0-0 0-0 9. a4 Be6 10. Bf3 Qc7 11. Re1 Rc8 12. h3 h6 13. Be3 Nbd7 14. a5 b5 15. axb6 Nxb6 16. Na5 Nc4 17. Nxc4 Bxc4 18. Be2 Qb7 19. Na4 Bxe2 20. Rxe2 Rc6 21. f3 Ne8 22. Ra3 Bd8 23. Rb3 Qc8 24. Nc3 Rb8 25. Rxb8 Qxb8 26. Qd5 Qc8 27. Qb3 Nf6 28. Qa3 Bb6 29. Bxb6 Rxb6 30. Rd2 Qb8 31. Kh2 Rxb2 32. Qxa6 Rb6 33. Qa4 Qb7 34. Nd5 Nxd5 35. Rxd5 Qc6 36. Qa2 g6 37. Ra5 Qd7 38. Ra7 Rb7 39. Ra6 Qe7 40. Qd5 Rd7 41. Ra8+ Kg7 42. Qb5 Rb7 43. Qa6 Rc7 44. Qb6 Rb7 45. Qc6 Rc7 46. Qb6 Rb7 47. Qc6 Qd7 48. Ra6 Qxc6 49. Rxc6 Rd7 50. c4 h5 51. h4 Rd8 52. Kg3 Kf8 53. f4 Ke7 54. c5 dxc5 55. fxe5 Rd3+ 56. Kf4 Rd2 57. g3 Rf2+ 58. Ke3 Rc2 59. Ra6 Rc1 60. Kf4 Rf1+ 61. Ke3 c4 62. Kd4 Rf3 63. Ra7+ Ke6 64. Ra6+ Ke7 65. Ra7+ Kf8 66. e6 fxe6 67. Ke5 Rxg3 68. Kxe6 Rg4 69. e5 Rxh4 70. Kf6 Rf4+ 71. Kxg6 h4 72. Kg5 Rf1 73. Kxh4 c3 74. Rc7 Rc1 75. Kg3 c2 76. Kg2 Ke8 77. e6 Kd8 78. Rc6 Ke7 79. Kh2 Kf6 80. Kg2 1/2-1/2